Glossari de termes tècnics de salut pública (Registre núm. 68334)

MARC details
000 -LEADER
campo de control de longitud fija 00937amm a2200253 4500
008 - DATOS DE LONGITUD FIJA--INFORMACIÓN GENERAL
campo de control de longitud fija 020916s2005 cat
041 ## - CÓDIGO DE IDIOMA
Código de lengua del texto/banda sonora o título independiente cat
080 ## - NÚMERO DE LA CLASIFICACIÓN DECIMAL UNIVERSAL
Número de la Clasificación Decimal Universal 614.31
245 ## - MENCIÓN DEL TÍTULO
Título Glossari de termes tècnics de salut pública
Medio [en línia]
Mención de responsabilidad, etc. Coordinació de l'edició catalana: Direcció General de Salut Pública
260 ## - PUBLICACIÓN, DISTRIBUCIÓN, ETC.
Lugar de publicación, distribución, etc. [S.l.]
Nombre del editor, distribuidor, etc. European Commission. Health and Consumer Protection
Fecha de publicación, distribución, etc. 2005
300 ## - DESCRIPCIÓN FÍSICA
Extensión 192 p.
Otras características físicas 1 document PDF
520 ## - RESUMEN, ETC.
Nombre de termes 360
546 ## - NOTA DE IDIOMA
Llengua de les definicions català
591 ## - Codi de font
Codi de font GTTSAL-E
592 ## - Tipus obra
Tipus d'obra Obra terminològica
593 ## - Codi CGAT
Codi de la CGAT ER
650 #0 - PUNTO DE ACCESO ADICIONAL DE MATERIA--TÉRMINO DE MATERIA
Término de materia o nombre geográfico como elemento de entrada salut pública
9 (RLIN) 63165
856 ## - LOCALIZACIÓN Y ACCESO ELECTRÓNICOS
Identificador Uniforme de Recursos <a href="https://canalsalut.gencat.cat/web/.content/_Professionals/Recursos/altres_recursos_interes/serveis_linguistics/diccionaris_terminologia/diccionaris/estatics/gloster2004.pdf">https://canalsalut.gencat.cat/web/.content/_Professionals/Recursos/altres_recursos_interes/serveis_linguistics/diccionaris_terminologia/diccionaris/estatics/gloster2004.pdf</a>
901 ## - ELEMENTOS DE DATOS A LOCAL LDA (RLIN)
c <2005>
902 ## - ELEMENTOS DE DATOS B LOCAL, LDB (RLIN)
a 020916
942 ## - ELEMENTOS DE ENTRADA SECUNDARIOS (KOHA)
Tipo de ítem Koha Monografia
Fuente del sistema de clasificación o colocación Clasificación Decimal Dewey
Suprimir en OPAC No
Fons
Estatus retirado Estado de pérdida Fuente del sistema de clasificación o colocación Estado de daño No para préstamo Biblioteca de origen Biblioteca actual Fecha de adquisición Total de préstamos Signatura topográfica completa Código de barras Visto por última vez Identificador Uniforme de Recursos Precio de reemplazo Tipo de ítem Koha
    ddc     TERMCAT TERMCAT 18/11/2005   Biblioteca electrònica P_68375 15/11/2022 https://canalsalut.gencat.cat/web/.content/_Professionals/Recursos/altres_recursos_interes/serveis_linguistics/diccionaris_terminologia/diccionaris/estatics/gloster2004.pdf 15/11/2022 MO

Implantat amb Koha